Premis a la creativitat
Publicado:
Barcelona :
Fundació Catalana per a la Recerca. SIAB : Ajuntament de Barcelona. Institut de Cultura ,
1996
Descripción Física:
287 p. ; 21 cm
Colección:
Documents d'informació ; 2
MARC
| LEADER | 00000nam a2200000Ia 4500 | ||
|---|---|---|---|
| 001 | 11448 | ||
| 003 | BGR | ||
| 005 | 20260324175406.0 | ||
| 008 | 160829s1996 xx 000 0 cat d | ||
| 080 | |a B-1-152 | ||
| 245 | |a Premis a la creativitat | ||
| 260 | |a Barcelona : |b Fundació Catalana per a la Recerca. SIAB : |b Ajuntament de Barcelona. Institut de Cultura, |c 1996 | ||
| 300 | |a 287 p. ; |c 21 cm | ||
| 490 | |a Documents d'informació ; 2 | ||
| 650 | |a Premis |x Espanya |9 30850 | ||
| 650 | |a Premis literaris |x Espanya |9 30851 | ||
| 650 | |a Art |x Concursos |x Espanya |9 30852 | ||
| 710 | 1 | |a Barcelona (Catalunya). |b Ajuntament |9 50981 | |
| 710 | 2 | |a Fundació Catalana per a la Recerca |9 70954 | |
| 710 | 2 | |a Institut de Cultura (Barcelona, Catalunya) |9 53422 | |
| 901 | |a Arxiu | ||
| 942 | |n 1 |2 udc |c MON | ||
| 952 | |0 0 |1 0 |4 0 |6 B1152 |7 1 |9 45546 |a Arxiu |b Arxiu |d 2016-12-01 |l 0 |o B-1-152 |p 11448 |r 2016-12-01 00:00:00 |w 2016-12-01 |y ARXIU | ||
| 999 | |c 48714 |d 48714 | ||